|
000
|
01337nam 2200277 450
|
|
001
|
012025000261
|
|
005
|
20240816171552.2
|
|
010
|
|
@a978-7-5227-3609-9@dCNY128.00
|
|
100
|
|
@a20240816d2024 em y0chiy50 ea
|
|
101
|
0
|
@achi
|
|
102
|
|
@aCN@b110000
|
|
105
|
|
@aa a 000yy
|
|
106
|
|
@ar
|
|
200
|
1
|
@a基督教思想史十三讲@Aji du jiao si xiang shi shi san jiang@f中国社会科学院基督教研究中心编
|
|
210
|
|
@a北京@c中国社会科学出版社@d2024.9
|
|
215
|
|
@a330页@c图@d24cm
|
|
225
|
2
|
@a中国社会科学院基督教研究学科“登峰战略”系列@Azhong guo she hui ke xue yuan ji du jiao yan jiu xue ke “deng feng zhan lve ”ji lie
|
|
306
|
|
@a本书由中国社会科学院“登峰战略”优势学科项目经费资助出版
|
|
320
|
|
@a有书目
|
|
330
|
|
@a本书是由中国社会科学院基督教研究中心七位基督教研究专家主笔的基督教思想史专题讲稿, 也是中国社会科学院基督教研究学科“登峰战略”系列丛书中的一种。此书论及基督教的历史脉络、思想演进与分殊、重要代表人物思想探究、基督教在中国的传播等若干主题, 集知识性与趣味性于一体。
|
|
410
|
0
|
@12001 @a中国社会科学院基督教研究学科“登峰战略”系列
|
|
606
|
0
|
@a基督教史@Aji du jiao shi@x思想史@x研究@y世界
|
|
690
|
|
@aB9@v5
|
|
711
|
02
|
@a中国社会科学院基督教研究中心@Azhong guo she hui ke xue yuan ji du jiao yan jiu zhong xin@4编
|
|
801
|
0
|
@aCN@bCDNYKJZYXY@c20240816
|
|
905
|
|
@aCDNYKJZYXY@b300730881-82@dB9@e258@f2
|
|
|
|
|
| |
| 基督教思想史十三讲/中国社会科学院基督教研究中心编.-北京:中国社会科学出版社,2024.9 |
| 330页:图;24cm.-(中国社会科学院基督教研究学科“登峰战略”系列) |
| |
| |
| ISBN 978-7-5227-3609-9:CNY128.00 |
| 本书是由中国社会科学院基督教研究中心七位基督教研究专家主笔的基督教思想史专题讲稿, 也是中国社会科学院基督教研究学科“登峰战略”系列丛书中的一种。此书论及基督教的历史脉络、思想演进与分殊、重要代表人物思想探究、基督教在中国的传播等若干主题, 集知识性与趣味性于一体。 |
| ● |
正题名:基督教思想史十三讲
索取号:B9/258
 
预约/预借
| 序号
|
登录号
|
条形码
|
馆藏地/架位号
|
状态
|
备注
|
|
1
|
730881
|
300730881
|
流通书库/
[索取号:B9/258]
|
在馆
|
|
|
2
|
730882
|
300730882
|
流通书库/
[索取号:B9/258]
|
在馆
|
|